|
|
|
|
| LEADER |
00000nam a22000007a 4500 |
| 005 |
20130307174234.0 |
| 007 |
cr|||| |||| |
| 008 |
130307e2012 it |||||s|||| 00||0 ita d |
| 020 |
|
|
|a 978-88-6611-167-2
|
| 035 |
|
|
|a 7359
|
| 040 |
|
|
|a vLex
|
| 090 |
|
|
|c 3853
|d 3853
|
| 100 |
1 |
0 |
|a Liace, Gianfranco
|
| 245 |
1 |
3 |
|a La composizione delle controversie in materia bancaria e finanziaria
|c / Gianfranco Liace
|h [Recurso electrn̤ico]
|
| 256 |
|
|
|a Servicio en ln̕ea
|
| 260 |
|
|
|a Bari :
|b Cacucci Editore,
|c 2012
|
| 300 |
|
|
|a 1 Recurso electrn̤ico
|
| 506 |
|
|
|d vLex Global
|d vLex Global (Academic Edition, excluding Law Schools)
|d vLex Global (U.S. Academic Edition, Law Schools)
|d vLex Global (U.S. Academic Edition, excluding Law Schools)
|d vLex Global (Academic Edition, Law Schools)
|
| 650 |
0 |
4 |
|a Finanzas
|z Italia
|
| 650 |
0 |
4 |
|a Banca
|z Italia
|
| 650 |
0 |
4 |
|a Derecho bancario
|z Italia
|
| 740 |
|
|
|a vLex Libros (Servicio en ln̕ea)
|
| 856 |
|
|
|a Acceso restringido
|u http://www.vlex.com/source/7359
|
| 942 |
|
|
|c BOOK
|